000 00625nam a2200253Ia 4500
003 OSt
005 20221007103548.0
006 a|||||r|||| 00| 0
007 ta
008 221006b |||||||| |||| 00| 0 eng d
024 _a13,483
037 _cTextual
040 _aLCO
_cLCO
_beng
041 _2eng
_aeng
082 _aZ73,3, L7
100 _aLitka Michael P.
_9317563
245 0 _aBusiness Law
250 _a2nd
260 _aOhio
_bGrid Inc. U.S.A.
_c1977
300 _a689
650 _aBusiness Law
_9419161
942 _hZ73,3, L7
_cTEXL
999 _c1183046
_d1183046